Najpopularniejsi raperzy w tym tygodniu . 15-21.01 - Statystyki

Ogólne statystyki
  • Ten quiz został rozwiązany 27 razy
  • Średni wynik to 7 z 15
Statystyki odpowiedzi
Miejsce w poprzednim tygodniu Wyświetlenia Raper % Poprawnych
#2 9.85M Bedoes
77%
#7 4.29M Kizo
65%
#8 3.41M Quebonafide
65%
#15 2.51M White 2115
62%
#11 3.13M Żabson
58%
#5 4.90M Szpaku
54%
#1 6.53M Guzior
46%
#12 3.10M Paluch
46%
#9 3.98M Kali
42%
#3 4.27M Sobel
42%
#6 4.19M Tymek
42%
#10 3.74M Kabe
38%
#22 2.56M Malik Montana
35%
#4 4.64M Major SPZ
23%
#16 2.33M Kubańczyk
15%
Nie znaleziono quizów pasujących do podanych kryteriów
Rozkład punktacji
Procent ludzi z każdym wynikiem
Percentyl według liczby udzielonych odpowiedzi
Twoja historia wyników
Nie rozwiązałeś tego quizu